| 000 | 00395pab a2200157 454500 | ||
|---|---|---|---|
| 008 | 180718b2000 xxu||||| |||| 00| 0 eng d | ||
| 100 | _aParasuraman, S. | ||
| 245 | _aAnalysing forms of vulnerability in a disaster | ||
| 260 | _c2000 | ||
| 300 | _ap.581-97 | ||
| 362 | _aOct | ||
| 650 | _aDisasters | ||
| 700 | _aAcharya, Niru | ||
| 773 | _aIndian Journal of Social Welfare | ||
| 909 | _a47257 | ||
| 999 |
_c47257 _d47257 |
||